Statistiques concernant Ephésiens 2. 1-10 - Facile

Cliquez ici pour prendre le quiz!

Statistiques générales

  • Ce quiz a été pris 20 fois
  • Le résultat moyen est 28 sur 51

Statistiques - réponses

Versets% Correct
Vous étiez {morts}
100%
de ce {monde},
80%
et par vos {péchés},
80%
par vos {offenses}
80%
à cause du grand {amour}
60%
afin que personne ne se {glorifie}.
60%
Car c’est par la {grâce}
60%
Ce n’est point par les {œuvres},
60%
c’est le {don} de Dieu.
60%
(c’est par {grâce}
60%
comme les {autres}…
60%
dans les fils de la {rébellion}.
60%
dans les lieux {célestes},
60%
dans les {siècles} à venir
60%
de la {puissance} de l’air,
60%
de notre {chair},
60%
dont il {nous} a aimés,
60%
Et cela ne {vient} pas de vous,
60%
et de nos {pensées},
60%
et nous {vivions} autrefois
60%
Mais {Dieu},
60%
nous a {rendus}
60%
nous étions de leur {nombre},
60%
nous qui étions {morts}
60%
Nous tous {aussi},
60%
par le {moyen} de la foi.
60%
par nos {offenses},
60%
pour de bonnes {œuvres},
60%
que vous êtes {sauvés});
60%
que vous êtes {sauvés},
60%
qui est riche en {miséricorde},
60%
selon le {prince}
60%
accomplissant les {volontés} de la chair
40%
afin de {montrer}
40%
afin que nous les {pratiquions}.
40%
à la vie avec {Christ}
40%
{autrefois}, selon le train
40%
ayant été {créés} en Jésus-Christ
40%
Car nous sommes son {ouvrage},
40%
dans lesquels vous {marchiez}
40%
de l’esprit qui agit {maintenant}
40%
des enfants de {colère},
40%
en {Jésus-Christ},
40%
et nous a fait {asseoir} ensemble
40%
et nous étions par {nature}
40%
l’infinie {richesse} de sa grâce
40%
nous en {Jésus-Christ}.
40%
par sa {bonté} envers
40%
que Dieu a {préparées} d’avance,
40%
selon les {convoitises}
40%
il nous a {ressuscités} ensemble,
20%

Distribution des résultats

Percentile par nombre de réponses

% des personnes avec chaque résultat

Votre développement - résultats

Vous n’avez pas pris ce quiz